000 00644nam a2200229Ia 4500
003 OSt
005 20220923230617.0
006 a|||||r|||| 00| 0
007 ta
008 Pun
024 _a283,803
037 _cTextual
040 _aARTS
_cARTS
_bPun
041 _2Pun
_aPun
082 _aO153,6M96:g, L6
100 _aਸਿੰਘ, ਦੀਵਾਨ, ਥਦ.
245 0 _aਡਾ ਬਲਬੀਰ ਸਿੰਘ ਦੀ ਵਾਰਤਕ ਕਲਾ
260 _c1976
650 _aਪੰਜਾਬੀ ਸਾਹਿਤ
942 _hO153,6M96:g, L6
_cTEXL
_2CC
999 _c386019
_d386019